000
00405nam a22001697a 4500
003
MPLRDC
005
20220104142618.0
008
210129b ||||| |||| 00| 0 eng d
082
_a
802.58 ZD
100
_a
张丹
245
_a
常用普通话
_c
250
_a
四版
260
_a
_b
天地图书有限公司
_c
1981
300
_b
平
650
_a
方言--华语(普通话)
942
_c
BK
_o
802.58 ZD
999
_c
32291
_d
32281